Tilastot visalle Suomen yleisimmät lintulajit

Klikkaa tästä pelataksesi tätä visaa!

Yleistilastot

  • Tätä visaa on pelattu 577 kertaa
  • Keskiarvotulos 3 / 10

Vastaustilastot

Vastaus% Oikein
Peippo
76%
Pajulintu
64%
Räkättirastas
54%
Punarinta
33%
Punakylkirastas
24%
Hippiäinen
24%
Vihervarpunen
18%
Järripeippo
16%
Metsäkirvinen
15%
Harmaasieppo
14%

Tulosjakauma

Persentiili vastausten määrän mukaan

Jokaisen tuloksen saaneiden osuus

Tuloshistoriasi

Et ole pelannut tätä visaa